000 00919cam a2200241 4500
001 ABS67775
008 040407n2004 000 0 eng u
035 _a(Sirsi) u125785
100 _aBailey, I.
245 _aLack of supply should mean higher prices for farmland this year
260 _c2004
490 _aProperty Forecast
_v7(3) March 2004, 8-9(2)
520 _aConsiders the outlook for the farmland market, particularly the effect of the mid term review of the Common Agricultural Policy. Looks at analysis by FPDSavills Rural Research on farm transactions in 2003, funding of farm purchases, farmland and prime country house values and the farmland market outlook.
590 _aABS
590 _aABS
650 _aFARMLAND MARKET
650 _aFARM SALES
650 _aCOUNTRY HOUSES
650 _aCAP REFORM
650 _aCOMMON AGRICULTURAL POLICY
690 _aRURAL-MARKET
942 _n0
999 _c117182
_d117182